| 000 | 00952nam a2200289 i 4500 | ||
|---|---|---|---|
| 005 | 20220317001547.0 | ||
| 007 | ta | ||
| 008 | 161108r20132014ck do er 000 0 spa d | ||
| 020 | _a9789587621648 | ||
| 040 |
_aCO-BoRNBP _bspa _erda _cCO-BoRNBP |
||
| 041 | 0 | _aspa | |
| 082 | 0 | 4 |
_a658 _bM67m _223 |
| 100 | 1 |
_aMorueco, Raúl, _eautor |
|
| 245 | 1 | 0 |
_aManual práctico de administración _cRaúl Morueco |
| 250 | _aPrimera edición | ||
| 264 | 1 |
_aBogotá _bEdiciones de la U _c2013 _c2014 |
|
| 300 |
_a394 páginas _btablas, cuadros, fotografías en blanco y negro _c24 cm |
||
| 336 |
_atexto _btxt _2rdacontent |
||
| 337 |
_asin mediación _bn _2rdamedia |
||
| 338 |
_avolumen _bnc _2rdacarrier |
||
| 490 | _aAdministración | ||
| 500 | _aIncluye índice alfabético | ||
| 650 | 1 | 7 |
_aAdministración de empresas _vManuales _2ARMARC |
| 650 | 1 | 7 |
_aNegocios _xAdministración _2ARMARC |
| 650 | 1 | 7 |
_aPlanificación _vManuales _xEnseñanza _2ARMARC |
| 942 |
_2ddc _cBK |
||
| 999 |
_c7370 _d7370 |
||